| Tag |
First Indicator |
Second Indicator |
Subfields |
| LEADER |
00000cam a2200000 a 4500 |
| 001 |
in00005750469 |
| 005 |
20260326192732.6 |
| 006 |
m o d |
| 007 |
cr un||||a|a|| |
| 008 |
121007s1622 ne a o 001 0 lat d |
| 040 |
|
|
|a OCLCE
|b eng
|e pn
|c OCLCE
|d OCLCO
|d OCLCQ
|d OCLCO
|d OCLCQ
|d OCLCO
|d OCLCQ
|d OCLCO
|d OCLCF
|d UIU
|d OCLCQ
|d FIE
|d UAB
|d UPM
|d U3W
|d WYU
|d YOU
|d INARC
|d BHLMR
|d OCLCQ
|d OCLCO
|d AAA
|d OCLCO
|d OCLCQ
|d OCLCO
|d OCLCQ
|d SXB
|d OCLCQ
|d OCLCO
|d OCLCQ
|
| 019 |
|
|
|a 1066404948
|a 1085659396
|
| 020 |
|
|
|z 9781483282992
|
| 020 |
|
|
|z 1483282996
|
| 035 |
|
|
|a (OCoLC)812212930
|z (OCoLC)1066404948
|z (OCoLC)1085659396
|
| 050 |
|
4 |
|a RS192
|b .T384 2013
|
| 082 |
0 |
4 |
|a 683.10235
|q OCoLC
|
| 049 |
|
|
|a TXAM
|
| 100 |
1 |
|
|a Neander, Johann,
|d 1596-
|
| 240 |
1 |
0 |
|a Tabacologia
|
| 245 |
1 |
0 |
|a Tabacologia: hoc est, Tabaci, seu nicotianæ descriptio medico-cheirurgico-pharmaceutica: vel eius præparatio & usus in omnibus corporis humani incommodis ... /
|c per Iohannem Neandrum Bremanum, philosophum, & medicum.
|
| 260 |
|
|
|a Lugduni Batavorum :
|b Ex officinâ Isaaci ElzevirI, iurati academiæ typographi.,
|c M.D. CXXII. [1622]
|
| 300 |
|
|
|a 1 online resource ([40], 256, [4] pages) :
|b illustrations
|
| 336 |
|
|
|a text
|b txt
|2 rdacontent
|
| 337 |
|
|
|a computer
|b c
|2 rdamedia
|
| 338 |
|
|
|a online resource
|b cr
|2 rdacarrier
|
| 500 |
|
|
|a Half title reads: Tabacologia medico-cheirurgico-pharmaceutica.
|
| 500 |
|
|
|a Signatures: *-5*⁴ A-2I⁴ chi² (chi2 verso blank; *4 missigned *3).
|
| 500 |
|
|
|a Printer's device on title page.
|
| 500 |
|
|
|a Errata statement on p. 255-256.
|
| 500 |
|
|
|a Includes index.
|
| 510 |
4 |
|
|a Arents, G. Tobacco,
|c 148
|
| 510 |
4 |
|
|a Rahir, E. Elzevier,
|c 172
|
| 510 |
4 |
|
|a Pritzel
|c 6624
|
| 588 |
0 |
|
|a Print version record.
|
| 505 |
0 |
|
|a Tabacologia -- Threnoidia Nicotianæ -- Erudito Viro -- Ad Lectorem -- Clarissimo Doctissimoque Viro, D. Iohanni Neandro, Philosopho & Medico S., -- Clariss. Doctiss. Viro, D. Iohanni Neandro. -- S. Doctissime D. Neander -- Omni virtutum genere Ornatissimo Viro, D. Iohanni Neandro -- De Tabaci Delectu, Correctione, ac Sophisticatione -- Notæ ad Primam Tabellam -- Notæ ad Secundam Tabellam -- Notæ ad Tertiam Tabellam -- Indiculus Erratorum -- Tabacks Lof en Lastering aen D. Ioannes Neander
|
| 650 |
|
0 |
|a Tobacco
|x Physiological effect.
|
| 650 |
|
0 |
|a Tobacco
|v Early works to 1800.
|
| 650 |
|
0 |
|a Indians of North America
|x Tobacco use.
|
| 650 |
|
0 |
|a Botany
|v Pre-Linnean works.
|
| 650 |
|
6 |
|a Tabac
|x Effets physiologiques.
|
| 650 |
|
6 |
|a Tabac
|v Ouvrages avant 1800.
|
| 650 |
|
6 |
|a Botanique
|v Ouvrages prélinnéens.
|
| 650 |
|
7 |
|a Botany
|2 fast
|
| 650 |
|
7 |
|a Indians of North America
|x Tobacco use
|2 fast
|
| 650 |
|
7 |
|a Tobacco
|2 fast
|
| 650 |
|
7 |
|a Tobacco
|x Physiological effect
|2 fast
|
| 655 |
|
7 |
|a Electronic books.
|2 local
|
| 655 |
|
7 |
|a Early works
|2 fast
|
| 655 |
|
7 |
|a Book.
|2 marcgt
|
| 700 |
1 |
|
|a Elsevier, Isaac,
|d 1596-1651.
|4 bkp
|1 https://id.oclc.org/worldcat/entity/E39PBJwttfkFWb9cR7mjYYKw4q
|5 CU-BANC
|
| 710 |
2 |
|
|a ScienceDirect (Online service)
|
| 740 |
0 |
|
|a Tabacologia medico-cheirurgico-pharmaceutica.
|
| 752 |
|
|
|a Netherlands
|d Leiden.
|
| 776 |
0 |
8 |
|i Print version:
|a Neander, Johann, 1596-
|s Tabacologia.
|t Tabacologia: hoc est, Tabaci, seu nicotianæ descriptio medico-cheirurgico-pharmaceutica: vel eius præparatio & usus in omnibus corporis humani incommodis ...
|d Lugduni Batavorum : Ex officinâ Isaaci ElzevirI, iurati academiæ typographi., M.D. CXXII. [1622]
|w (OCoLC)79160448
|
| 856 |
4 |
0 |
|u http://proxy.library.tamu.edu/login?url=https://www.sciencedirect.com/science/book/9781483282992
|z Connect to the full text of this electronic book
|t 0
|
| 955 |
|
|
|a Elsevier ScienceDirect 2026-2027
|
| 955 |
|
|
|a Elsevier ScienceDirect Open Access ebooks
|
| 994 |
|
|
|a 92
|b TXA
|
| 999 |
f |
f |
|i 0957d51a-d2fb-4211-b8e4-2390860cf02c
|s abe2948f-deb3-4951-8614-cbf4bd89aed7
|t 0
|
| 952 |
f |
f |
|a Texas A&M University
|b College Station
|c Electronic Resources
|s www_evans
|d Available Online
|t 0
|e RS192 .T384 2013
|h Library of Congress classification
|
| 998 |
f |
f |
|a RS192 .T384 2013
|t 0
|l Available Online
|